00373nam a2200145Ia 4500008004100000020001800041041000800059082001600067100001800083245003800101250000600139260004400145300001300189650002500202210716s9999 xx 000 0 und d a9788171946990 aeng a658.15 RUSR aRustagi, R P. aElements of financial management. a1 aNew DelhibTaxmann Publications Pvt Ltd aI-19,492 aFinancial Management